<?xml version="1.0" encoding="UTF-8"?><?xml-stylesheet type="text/xsl" href="static/style.xsl"?><OAI-PMH xmlns="http://www.openarchives.org/OAI/2.0/" xmlns:xsi="http://www.w3.org/2001/XMLSchema-instance" xsi:schemaLocation="http://www.openarchives.org/OAI/2.0/ http://www.openarchives.org/OAI/2.0/OAI-PMH.xsd"><responseDate>2026-04-17T03:07:05Z</responseDate><request verb="GetRecord" identifier="oai:www.recercat.cat:2117/394217" metadataPrefix="marc">https://recercat.cat/oai/request</request><GetRecord><record><header><identifier>oai:recercat.cat:2117/394217</identifier><datestamp>2026-04-15T05:43:00Z</datestamp><setSpec>com_2072_1033</setSpec><setSpec>col_2072_452950</setSpec></header><metadata><record xmlns="http://www.loc.gov/MARC21/slim" xmlns:dcterms="http://purl.org/dc/terms/" xmlns:xsi="http://www.w3.org/2001/XMLSchema-instance" xmlns:doc="http://www.lyncode.com/xoai" xsi:schemaLocation="http://www.loc.gov/MARC21/slim http://www.loc.gov/standards/marcxml/schema/MARC21slim.xsd">
   <leader>00925njm 22002777a 4500</leader>
   <datafield ind2=" " ind1=" " tag="042">
      <subfield code="a">dc</subfield>
   </datafield>
   <datafield ind2=" " ind1=" " tag="720">
      <subfield code="a">Mont i Geli, Nil</subfield>
      <subfield code="e">author</subfield>
   </datafield>
   <datafield ind2=" " ind1=" " tag="720">
      <subfield code="a">Tarifeño Saldivia, Ariel Esteban</subfield>
      <subfield code="e">author</subfield>
   </datafield>
   <datafield ind2=" " ind1=" " tag="720">
      <subfield code="a">Fraile, L. M.</subfield>
      <subfield code="e">author</subfield>
   </datafield>
   <datafield ind2=" " ind1=" " tag="720">
      <subfield code="a">Viñals Onsens, Silvia</subfield>
      <subfield code="e">author</subfield>
   </datafield>
   <datafield ind2=" " ind1=" " tag="720">
      <subfield code="a">Perea Martínez, Ángel</subfield>
      <subfield code="e">author</subfield>
   </datafield>
   <datafield ind2=" " ind1=" " tag="720">
      <subfield code="a">Pallàs i Solís, Max</subfield>
      <subfield code="e">author</subfield>
   </datafield>
   <datafield ind2=" " ind1=" " tag="720">
      <subfield code="a">Cortés Rossell, Guillem Pere</subfield>
      <subfield code="e">author</subfield>
   </datafield>
   <datafield ind2=" " ind1=" " tag="720">
      <subfield code="a">Nacher González, Enrique</subfield>
      <subfield code="e">author</subfield>
   </datafield>
   <datafield ind2=" " ind1=" " tag="720">
      <subfield code="a">Taín Enríquez, José Luis</subfield>
      <subfield code="e">author</subfield>
   </datafield>
   <datafield ind2=" " ind1=" " tag="720">
      <subfield code="a">Alcayne Aicua, Víctor</subfield>
      <subfield code="e">author</subfield>
   </datafield>
   <datafield ind2=" " ind1=" " tag="720">
      <subfield code="a">Algora Wesolowsk, Alejandro</subfield>
      <subfield code="e">author</subfield>
   </datafield>
   <datafield ind2=" " ind1=" " tag="720">
      <subfield code="a">Balibrea Correa, Javier</subfield>
      <subfield code="e">author</subfield>
   </datafield>
   <datafield ind2=" " ind1=" " tag="720">
      <subfield code="a">Benito García, Jaime</subfield>
      <subfield code="e">author</subfield>
   </datafield>
   <datafield ind2=" " ind1=" " tag="720">
      <subfield code="a">García Borge, María José</subfield>
      <subfield code="e">author</subfield>
   </datafield>
   <datafield ind2=" " ind1=" " tag="720">
      <subfield code="a">Calviño Tavares, Francisco</subfield>
      <subfield code="e">author</subfield>
   </datafield>
   <datafield ind2=" " ind1=" " tag="720">
      <subfield code="a">Blas del Hoyo, Alfredo de</subfield>
      <subfield code="e">author</subfield>
   </datafield>
   <datafield ind2=" " ind1=" " tag="260">
      <subfield code="c">2023-05-26</subfield>
   </datafield>
   <datafield ind2=" " ind1=" " tag="520">
      <subfield code="a">miniBELEN is a modular and transportable neutron moderated counter with a nearly flat neutron detection efficiency up to 10 MeV. Modularity implies that the moderator can be reassembled in different ways in order to obtain different types of response. The detector has been developed in the context of the Measurement of Alpha Neutron Yields (MANY) collaboration, which is a scientific effort aiming to carry out measurements of (a, n) production yields, reaction cross-sections and neutron energy spectra. In this work we present and discuss several configurations of the miniBELEN detector. The experimental validation of the efficiency calculations using 252Cf sources and the measurement of the 27Al(a, n) 30P reaction is also presented.</subfield>
   </datafield>
   <datafield ind2=" " ind1=" " tag="520">
      <subfield code="a">This work has been supported by the Spanish Ministerio de Economía y Competitividad under grants FPA2017-83946- C2-1 &amp; C2-2 and PID2019-104714GB-C21 &amp; C22, the Generalitat Valenciana Grant PROMETEO/2019/007, both cofounded by FEDER (EU), and the SANDA project funded under H2020-EURATOM-1.1 Grant No. 847552. The authors acknowledge the support from Centro de Microanálisis de Materiales (CMAM) - Universidad Autónoma de Madrid, for the beam time proposal (Comissioning of neutron detector systems for (a,݊n) reaction measurements) with code P01156, and its technical staff for their contribution to the operation of the accelerator.</subfield>
   </datafield>
   <datafield ind2=" " ind1=" " tag="520">
      <subfield code="a">Article signat per 41 autors/es: N. Mont-Geli, A. Tarifeño-Saldivia, L.M. Fraile, S. Viñals, A. Perea, M. Pallàs, G. Cortés, E. Nácher, J.L. Tain, V. Alcayne, A. Algora, J. Balibrea-Correa, J. Benito, M.J.G. Borge, J.A. Briz, F. Calviño, D. Cano-Ott, A. De Blas, C. Domingo-Pardo, B. Fernández, R. Garcia, G. García, J. Gómez-Camacho, E.M. González-Romero, C. Guerrero, J. Lerendegui-Marco, M. Llanos, T. Martínez, E. Mendoza, J.R. Murias, S.E.A. Orrigo, A. Pérez de Rada, V. Pesudo, J. Plaza, J.M. Quesada, A. Sánchez, V. Sánchez-Tembleque, R. Santorelli, O. Tengblad, J.M. Udías and D. Villamarín.</subfield>
   </datafield>
   <datafield ind2=" " ind1=" " tag="520">
      <subfield code="a">Postprint (published version)</subfield>
   </datafield>
   <datafield tag="653" ind2=" " ind1=" ">
      <subfield code="a">Àrees temàtiques de la UPC::Física</subfield>
   </datafield>
   <datafield tag="653" ind2=" " ind1=" ">
      <subfield code="a">Nuclear physics</subfield>
   </datafield>
   <datafield tag="653" ind2=" " ind1=" ">
      <subfield code="a">Neutrons</subfield>
   </datafield>
   <datafield tag="653" ind2=" " ind1=" ">
      <subfield code="a">Nuclear reactions</subfield>
   </datafield>
   <datafield tag="653" ind2=" " ind1=" ">
      <subfield code="a">Física nuclear</subfield>
   </datafield>
   <datafield tag="653" ind2=" " ind1=" ">
      <subfield code="a">Neutrons</subfield>
   </datafield>
   <datafield tag="653" ind2=" " ind1=" ">
      <subfield code="a">Reaccions nuclears</subfield>
   </datafield>
   <datafield ind2="0" ind1="0" tag="245">
      <subfield code="a">miniBELEN: a modular neutron counter for (a, n) reactions</subfield>
   </datafield>
</record></metadata></record></GetRecord></OAI-PMH>